000 00691nam a2200193 a 4500
001 000042523
005 20201002040218.0
008 131210s1998 mx a 001 0 spa d
020 _a9681657217
040 _aDO-SdBNP
_bspa
_cBNPHU
082 _axxxxxx
_bxxxxxx
100 1 _aPrieto, Carlos
_969741
245 1 4 _aLas Aventuras de un Violonchelo :
_bhistorias y memorias /
_cCarlos Prieto ; prólogo Álvaro Mutis.
260 _aMéxico, :
_bConsejo nacional para la cultura y las artes,
_c1998.
300 _a448 p. :
_bil. ;
_c21 cm.
500 _aIncluye índices
504 _aIncluye referencias bibliográficas y notas al pie de las páginas
700 1 _aMutis, Álvaro,
_epról.
_922796
999 _c42012
_d42012